| 000 | 004760000a22001330004500 | ||
|---|---|---|---|
| 090 |
_aAR _b04563 |
||
| 100 | 1 |
_aHarvey, Celia A. _922489 |
|
| 100 | 1 |
_aGonzalez , Jorge _998678 |
|
| 100 | 1 |
_aSomarriba, Eduardo _998679 |
|
| 245 | 1 | 0 | _aDung beetle and terrestrial mammal diversity in forests, indigenous agroforestry systems and plantain monocultures in Talamanca, Costa Rica |
| 041 | 0 | _aInglés | |
| 942 | _cARTICULO | ||
| 773 | 1 |
_tBiodiversity and conservation _h15 _q555-585 p. _d2006 |
|
| 999 |
_c13663 _d13663 |
||